KOHA-Header-6

Linerar system Theory and Design (Record no. 906)

000 -LEADER
fixed length control field 00333nam a2200133Ia 4500
008 - FIXED-LENGTH DATA ELEMENTS--GENERAL INFORMATION
fixed length control field 190722s9999 xx 000 0 und d
020 ## - INTERNATIONAL STANDARD BOOK NUMBER
International Standard Book Number 978-019-9964-3
100 ## - MAIN ENTRY--PERSONAL NAME
Personal name CHI-TSONG CHEN
245 #0 - TITLE STATEMENT
Title Linerar system Theory and Design
260 ## - PUBLICATION, DISTRIBUTION, ETC. (IMPRINT)
Place of publication, distribution, etc New york
Name of publisher, distributor, etc Oxford University press
Date of publication, distribution, etc 2011
300 ## - PHYSICAL DESCRIPTION
Extent 398p.:
942 ## - ADDED ENTRY ELEMENTS (KOHA)
Koha item type Books
942 ## - ADDED ENTRY ELEMENTS (KOHA)
Edition
Holdings
Withdrawn status Lost status Source of classification or shelving scheme Damaged status Not for loan Collection code Permanent Location Current Location Shelving location Date acquired Total Checkouts Full call number Barcode Date last seen Date checked out Price effective from Koha item type
          Electrical Engineering MAJU MAJU Shelf No.A39 REF 2019-07-22 1 658.15 7532 2022-11-15 2022-09-02 2019-07-22 Electrical Engineering

Powered by Koha